000 01492cam a2200265 a 4500
005 20161125084054.0
008 021119s2002 ck ad r 00010 spa d
040 _ala
_cla
_dCO-BoIAVH
041 0 _aspa
044 _ack
082 0 4 _a632.18
_bC71m
110 1 _aColombia.
_bMinisterio del Medio Ambiente.
_bDirección General de Ecosistemas.
245 1 0 _aManual técnico para jefes de incendios forestales /
_cMinisterio del Medio Ambiente. Dirección General de Ecosistemas ; colaboración Ministerio de Educación Nacional ... [et al.].
260 _a[Bogotá] :
_bEdiciones Aeci Cooperación para el Desarrollo,
_c[2002?].
300 _a92 páginas :
_bilustraciones y tablas ;
_c24 x 17 centímetros
500 _aFormulación y puesta en marcha de los programas nacionales de capacitación e información pública en prevención y mitigación de incendios forestales en Colombia.
500 _aGlosario : páginas 85-88.
504 _aIncluye referencias bibliográficas.
650 1 6 _aIncendios forestales
_vGuías, manuales, etc.
_zColombia.
650 2 6 _aPrevención de incendios forestales.
_vGuías, manuales, etc.
650 2 6 _aQuema controlada
_vGuías, manuales, etc.
740 0 2 _aFormulación y puesta en marcha de los programas nacionales de capacitación e información pública en prevención y mitigación de incendios forestales en Colombia.
710 1 _aColombia
_bMinisterio de Educación Nacional
942 _2ddc
_cLIBRO
999 _c2656
_d2656